Normal view
MARC view
- تكنولوجيا التعليم-الوسائل التعليمية-الحاسات الإلكترونية في التعليم
Entry Topical Term
001 - CONTROL NUMBER
- control field: 31177
003 - CONTROL NUMBER IDENTIFIER
- control field: JO-AjAnu
005 - DATE AND TIME OF LATEST TRANSACTION
- control field: 20230606075243.0
008 - FIXED-LENGTH DATA ELEMENTS
- fixed length control field: 230606|| aca||aabn | a|a d
040 ## - CATALOGING SOURCE
- Original cataloging agency: JO-AjAnu
- Transcribing agency: JO-AjAnu
150 ## - HEADING--TOPICAL TERM
- Topical term or geographic name entry element: تكنولوجيا التعليم-الوسائل التعليمية-الحاسات الإلكترونية في التعليم
670 ## - SOURCE DATA FOUND
- Source citation: Work cat.: (JO-AjAnu)16009: الزغول،فواز أحمد مؤلف/العجلوني،خالد م.مشارك/ناصر الدين،لبنى ماجد م.مشارك/سعادات،دعاء سعادة م.مشارك, author 31176, تطبيقات التكنولوجيا في التعليم